LIBRARY & INFORMATION CENTRE, KCAET, TAVANUR

ONLINE PUBLIC ACCESS CATALOGUE (OPAC)

Kya voh pagal tha? / (Record no. 8147)

MARC details
000 -LEADER
fixed length control field 00461cam a2200205ua 4500
041 ## - LANGUAGE CODE
Language code of text/sound track or separate title hin
082 ## - DEWEY DECIMAL CLASSIFICATION NUMBER
Classification number 891.54
Item number BAL/KY
100 ## - MAIN ENTRY--AUTHOR NAME
Personal name Balzak, .
245 ## - TITLE STATEMENT
Title Kya voh pagal tha? /
250 ## - EDITION STATEMENT
Edition statement 1 /
260 ## - PUBLICATION, DISTRIBUTION, ETC. (IMPRINT)
Place of publication :
Name of publisher Rajpal and Sanch ,
Year of publication 1959.
300 ## - PHYSICAL DESCRIPTION
Number of Pages 179 ; .
942 ## - ADDED ENTRY ELEMENTS (KOHA)
Koha item type Books
Holdings
Withdrawn status Lost status Damaged status Home library Current library Date acquired Full call number Accession Number Koha item type Public note
Withdrawn     KAUAET Sanskrit University 07/04/2012 891.54 2112 Books  
Withdrawn     KAUAET Sanskrit University 07/04/2012 891.54 6206 Books Transferred to Sanskrit University
Withdrawn     KAUAET Sanskrit University 07/04/2012 891.54 2074 Books  
free website counter